| 000 | 00811nam a2200205 a 4500 | ||
|---|---|---|---|
| 005 | 20210219160401.0 | ||
| 008 | 081028s1986 mx r 000 0 spa d | ||
| 035 | _aUPN01000164468 | ||
| 049 | _aUNE | ||
| 080 | _aOC 016:378 .014.543 (7/8) BIB No.7. | ||
| 245 | 0 | 0 | _aBibliografía selectiva sobre aspectos económicos y financieros de la educaciónsuperior. |
| 260 |
_aCaracas : _bCRESALC, _c1986. |
||
| 300 | _aiii, 22 p. | ||
| 440 | 0 |
_aCRESALC. bibliografías ; _v7. |
|
| 690 | _aBibliografias- Enseñanza superior- Financiacion de la educa. | ||
| 690 | _aEnseñanza superior- Financiacion de la educacion- Bibliogra. | ||
| 690 | _aAmerica Latina- Enseñanza superior- Bibliografias | ||
| 710 | 2 | _aCRESALC. Centro Regional para la Educación Superior en América Latina y el Caribe | |
| 905 | _aUNESCO | ||
| 999 |
_c136580 _d136580 |
||